Ausgewählte Schriften

Gardado en:
Detalles Bibliográficos
Autor Principal: Kaser, Max (Author)
Formato: Libro
Idioma:alemán
Publicado: Camerino Jovene 1976
Subjects:
Tags: Engadir etiqueta
Sen Etiquetas, Sexa o primeiro en etiquetar este rexistro!

MARC

LEADER 00000nam a2200000 a 4500
001 UCV3039
003 CL-VaPUC
008 930310e19760000IT |||||||||||||||||ger|d
082 0 4 |a 340.54  |b KAS  |2 21 
100 |a Kaser, Max  |e author  |9 402493 
245 1 0 |a Ausgewählte Schriften 
300 |a 2 v 
942 |c BK 
945 |d 19930310 00:00:00 
260 |a Camerino  |b Jovene  |c 1976 
650 0 |a Derecho romano  |9 255930 
583 |a last modification  |c 19930310 00:00:00  |k Rodrigo Vera 
999 |c 210427  |d 210425 
952 |0 0  |1 0  |4 0  |6 340_540000000000000_KAS_1976  |7 0  |8 DER_ROM  |9 186651  |a BIBDER  |b BIBDER  |d 2019-11-14  |h v.1  |i 2541971  |o 340.54 KAS 1976  |p 2541971  |r 2023-01-25  |w 2019-11-14  |x Ubicación 4to piso  |y BK  |z Este recurso debe solicitarse con anticipación  |k DER 
952 |0 0  |1 0  |4 0  |6 340_540000000000000_KAS_1976  |7 0  |8 DER_ROM  |9 186652  |a BIBDER  |b BIBDER  |d 2019-11-14  |h v.2  |i 254198K  |o 340.54 KAS 1976  |p 254198K  |r 2023-01-25  |w 2019-11-14  |x Ubicación 4to piso  |y BK  |z Este recurso debe solicitarse con anticipación  |k DER 
952 |0 0  |1 0  |4 0  |6 340_540000000000000_KAS_1976  |7 0  |8 DER_ROM  |9 186653  |a BIBDER  |b BIBDER  |d 2019-11-14  |h v.2  |i 1894528  |o 340.54 KAS 1976  |p 1894528  |r 2023-01-25  |w 2019-11-14  |x Ubicación 4to piso  |y BK  |z Este recurso debe solicitarse con anticipación  |k DER 
952 |0 0  |1 0  |4 0  |6 340_540000000000000_KAS_1976  |7 0  |8 DER_ROM  |9 186654  |a BIBDER  |b BIBDER  |d 2019-11-14  |h v.1  |i 1940864  |o 340.54 KAS 1976  |p 1940864  |r 2023-01-25  |w 2019-11-14  |x Ubicación 4to piso  |y BK  |z Este recurso debe solicitarse con anticipación  |k DER